Property is the biggest threat to Royal Bank of Scotland profits (Record no. 83328)
[ view plain ]
| 000 -LEADER | |
|---|---|
| fixed length control field | 01212cab a22002055a 4500 |
| 001 - CONTROL NUMBER | |
| control field | L153588 |
| 008 - FIXED-LENGTH DATA ELEMENTS--GENERAL INFORMATION | |
| fixed length control field | 110808e20110722xxk 000 0 eng d |
| 035 ## - SYSTEM CONTROL NUMBER | |
| System control number | (Sirsi) u153588 |
| 041 0# - LANGUAGE CODE | |
| Language code of text/sound track or separate title | eng |
| 100 1# - MAIN ENTRY--PERSONAL NAME | |
| Personal name | Phillips, Mike |
| 245 00 - TITLE STATEMENT | |
| Title | Property is the biggest threat to Royal Bank of Scotland profits |
| 260 ## - PUBLICATION, DISTRIBUTION, ETC. | |
| Date of publication, distribution, etc. | 2011 |
| 490 #0 - SERIES STATEMENT | |
| Series statement | Property Week |
| Volume/sequential designation | 77(29) 22 July 2011, 18(1) |
| 520 ## - SUMMARY, ETC. | |
| Summary, etc. | The latest Asset Protection Agency's (APA) annual report identifies stresses in commercial property loans and the refinancing risks of maturing loans as the biggest possible cause of future losses. Only Royal Bank of Scotland entered the APA's Protection Scheme launched in January 2009 to insure UK banks from excessive losses on toxic assets, putting up £39bn of property loans to be insured. The total amount of loans covered by the APA scheme has fallen from £39bn to £27bn. |
| 590 ## - LOCAL NOTE (RLIN) | |
| Local note | KA |
| 651 #4 - SUBJECT ADDED ENTRY--GEOGRAPHIC NAME | |
| Geographic name | United Kingdom |
| Chronological subdivision | |
| 690 ## - LOCAL SUBJECT ADDED ENTRY--TOPICAL TERM (OCLC, RLIN) | |
| Topical term or geographic name as entry element | PROPERTY-COMMERCIAL PROPERTY-COMMERCIAL PROPERTY FINANCE AND INVESTMENT |
| 856 40 - ELECTRONIC LOCATION AND ACCESS | |
| Uniform Resource Identifier | <a href="https://www.hm-treasury.gov.uk/d/apa_annual_report_and_accounts.pdf">https://www.hm-treasury.gov.uk/d/apa_annual_report_and_accounts.pdf</a> |
| Public note | View the Asset Protection Agency's annual report 2010-11 free of charge at www.hm-treasury.gov.uk |
| 942 ## - ADDED ENTRY ELEMENTS (KOHA) | |
| Suppress in OPAC | 0 |
| Withdrawn status | Lost status | Source of classification or shelving scheme | Damaged status | Not for loan | Home library | Current library | Shelving location | Date acquired | Total Checkouts | Full call number | Barcode | Date last seen | Copy number | Price effective from | Koha item type |
|---|---|---|---|---|---|---|---|---|---|---|---|---|---|---|---|
| Dewey Decimal Classification | London | London | Journal article | 08/08/2011 | L153588 | 153588-1001 | 06/08/2019 | 1 | 06/08/2019 | Journal article |